| 000 | 00431nam a2200169 a 4500 | ||
|---|---|---|---|
| 001 | 22749 | ||
| 003 | SK-KTurca | ||
| 005 | 20260422162550.0 | ||
| 008 | 000101s1970 xx und c | ||
| 035 | _aUKB000255033 | ||
| 040 |
_aBAA001 _bslo _cBAA001 _eAACR2 |
||
| 100 | 1 |
_aBallek, Ladislav, _d1941-2014 |
|
| 245 | 0 | 0 | _aBiely vrabec |
| 260 |
_aBratislava _bSlovenský spisovateľ _c1970 |
||
| 300 | _a238 s | ||
| 942 |
_2ddc _cKLDO _n0 |
||
| 999 |
_c22749 _d22749 |
||